000 01673nam a2200325 a 4500
001 BRCA_8563
005 20190320210330.0
008 180816s1672----gw-#######---#000-0#lat-#
041 _alat
044 _agw
050 4 _aBV5070
_b.K574
_c1672
100 1 _aKiselio, Philippo
_921447
245 1 0 _aNili mystici ex paradiso voluptatis, verbi divini, septemplici alveo defluentis, et totidem effusionibus pretiosi sanguinis D.N jesu christi sacri alveus sextus, annus sextus concionum in omnes Dominicas & festa per Annum, additis duodecim Rosis sive Exhortationibus ad Sodales congregationis christi in cruce agonizantis, cum indicibus necessariis
_cPhilippo Kiselio.
260 _aBambergae
_bJoannis Arnorldi Choli
_c1672
300 _a1 vol. (con varias paginaciones)
_c21 cm
500 _aFondo antiguo
500 _aSe encuentra en Caja Fuerte
500 _aW-47
500 _aGrabado de Cristo cruficiado en la anteportada
500 _aEn portada: Cum Privilegio sacrae casarea ac Regia Majestatis, con firma de la ex biblioteca Monserratensi Pragae in Emaus
500 _aCon grabado en dedicatoria al Reverendissimo et celsissimo domino Lothario Friderico, episcopo spirensi S. R. I. principi, archiepiscopatus et electus moguntini coadjutori, prae posito in weissenburg, & udenheim, & c. Domino meo Clementissimo
500 _aIncluye índice
500 _aContiene apéndice
500 _aNota de encuadernación: en madera
506 0 _aFondo reservado: para su consulta es necesario credencial de usuario y carta de motivos
650 1 4 _aOrden jesuita
_eLiteratura
_921448
650 1 4 _aMisticismo
_917692
902 _aLAR
942 _2lcc
_cB
999 _c8226
_d8226